Enduring culture : (Record no. 1085)

MARC details
000 -LEADER
fixed length control field 01095nam a2200301 a 4500
005 - DATE AND TIME OF LATEST TRANSACTION
control field 20260322212046.0
008 - FIXED-LENGTH DATA ELEMENTS--GENERAL INFORMATION
fixed length control field data
010 ## - LIBRARY OF CONGRESS CONTROL NUMBER
LC control number 90082065
020 ## - INTERNATIONAL STANDARD BOOK NUMBER
International Standard Book Number 0940666111 :
Terms of availability {dollar}29.95
020 ## - INTERNATIONAL STANDARD BOOK NUMBER
International Standard Book Number 9780940666115 :
Terms of availability {dollar}29.95
040 ## - CATALOGING SOURCE
Original cataloging agency DLC
Transcribing agency DLC
043 ## - GEOGRAPHIC AREA CODE
Geographic area code n-ust--
050 00 - LIBRARY OF CONGRESS CALL NUMBER
Classification number E78.S7
Item number K37 1990
082 00 - DEWEY DECIMAL CLASSIFICATION NUMBER
Classification number 979/.00497/00222
Edition information 20
092 ## - LOCALLY ASSIGNED DEWEY CALL NUMBER (OCLC)
Classification number 979 K37 1990
001 - CONTROL NUMBER
control field data
100 1# - MAIN ENTRY--PERSONAL NAME
Personal name Keegan, Marcia.
245 10 - TITLE STATEMENT
Title Enduring culture :
Remainder of title a century of photography of the Southwest Indians /
Statement of responsibility, etc. Marcia Keegan & Wesley Bradfield.
260 ## - PUBLICATION, DISTRIBUTION, ETC.
Place of publication, distribution, etc. Santa Fe :
Name of publisher, distributor, etc. Clear Light Publishers,
Date of publication, distribution, etc. c1990.
300 ## - PHYSICAL DESCRIPTION
Extent 120 p. :
Other physical details ill. (some col.) ;
Dimensions 28 cm.
650 #0 - SUBJECT ADDED ENTRY--TOPICAL TERM
Topical term or geographic name entry element Indians of North America
Geographic subdivision Southwest, New
General subdivision Pictorial works.
650 #0 - SUBJECT ADDED ENTRY--TOPICAL TERM
Topical term or geographic name entry element Indians of North America
Geographic subdivision Southwest, New
General subdivision Portraits.
700 1# - ADDED ENTRY--PERSONAL NAME
Personal name Bradfield, Wesley,
Dates associated with a name 1876-1929.
906 ## - LOCAL DATA ELEMENT F, LDF (RLIN)
a 7
b cbc
c orignew
d 2
e opcn
f 19
g y-gencatlg
922 ## -
-- ad
991 ## -
-- c-GenColl
-- E78.S7
-- K37 1990
-- 00021144320
-- Copy 1
-- BOOKS
Holdings
Withdrawn status Lost status Damaged status Not for loan Home library Current library Shelving location Date acquired Total checkouts Full call number Barcode Date last seen Price effective from Koha item type
        Midway Midway General stacks 22/03/2026   979/.00497/00222 20 BC0011119 22/03/2026 22/03/2026 Books